Statistics for Richard Nixon Countries Visited Map

Click here to take the quiz!

General Stats

  • This quiz has been taken 107 times
  • The average score is 25 of 31

Answers on the Map

Answers color-coded by a green-red scale on the quiz's map according to % correct below.
 

Answer Stats

Country% Correct
China
99%
France
97%
Spain
97%
Canada
96%
United Kingdom
96%
India
94%
Mexico
94%
Ireland
91%
Portugal
91%
Egypt
90%
Italy
90%
Soviet Union
89%
United States
89%
Israel
86%
Poland
86%
Iran
82%
Saudi Arabia
82%
West Germany
82%
Belgium
81%
Pakistan
77%
Austria
73%
Indonesia
73%
Yugoslavia
72%
Philippines
68%
Romania
67%
Iceland
65%
Thailand
62%
Syria
61%
Jordan
58%
Vatican City
48%
South Vietnam
28%

Score Distribution

Percentile by Number Answered

Percent of People with Each Score

Your Score History

You have not taken this quiz